Intercommunalités du Calvados - Statistiques

Statistiques générales
  • Ce quiz a été pris 43 fois
  • Le résultat moyen est 7 sur 16
Statistiques - réponses
Nombres de communes Intercommunalités % Correct
48 Caen la Mer
95%
53 Communauté d'Agglomération Lisieux Normandie
74%
12 Communauté de Communes Cœur Côte Fleurie
72%
36 Communauté de Communes de Bayeux Intercom
72%
17 Communauté de Communes Intercom de la Vire au Noireau
72%
23 ( dont 11 dans l'Eure) Communauté de Communes du Pays de Honfleur-Beuzeville
59%
39 Communauté de Communes Normandie-Cabourg-Pays d'Auge
56%
58 Communauté de Communes du Pays de Falaise
54%
44 Communauté de Communes Terre d'Auge
49%
59 Communauté de Communes Isigny-Omaha Intercom
28%
42 Communauté de Communes Cingal-Suisse Normande
26%
18 Communauté de Communes Val ès Dunes
21%
28 Communauté de Communes Seulles Terre et Mer
18%
23 Communauté de Communes Vallées de l'Orne et de l'Odon
8%
12 Communauté de Communes Cœur de Nacre
5%
27 Communauté de Communes Pré-Bocage Intercom
3%
Aucun quiz correspondant
Distribution des résultats
% des personnes avec chaque résultat
Percentile par nombre de réponses
Votre historique - résultats
Vous n’avez pas pris ce quiz